00265nam a2200109Ia 4500008004100000082001700041100001900058245003800077260002400115300000800139650000800147191201s2010 xx 000 0 und d a616.001bBAS aBARTLETT, Dean 0aStress Perspectives and Processes aN. DelhibTMHc2010 a173 aBBA